| 000 | 00751nam a22002297a 4500 | ||
|---|---|---|---|
| 999 |
_c157574 _d157574 |
||
| 005 | 20180919145449.0 | ||
| 010 | _aENG-124000 | ||
| 020 |
_a9789353062668 _c659.00 |
||
| 035 | _aEN-107532 | ||
| 037 | _bDBAD/PUB | ||
| 082 | _a658.4 | ||
| 100 | _aFernando A.C. | ||
| 245 |
_aCorporate governance: _cby A.C. Fernando; K.P. Muraleedharan [and] E.K. Satheesh _bprinciples, policies and practices / |
||
| 250 | _a3rd ed. | ||
| 260 |
_aNoida _bPearson _c2018 |
||
| 270 |
_a15th Floor, Tower B, Worls Trade Tower, Plot No.1, Block -C _bNoida (UP) _e201301 |
||
| 300 |
_axxvi, 668p. _c26cm. _bill. |
||
| 500 | _aIt include subject index | ||
| 700 | _a Muraleedharan K.P. | ||
| 700 | _a Satheesh E.K. | ||
| 942 |
_2ddc _cEN _h658.4 _mFER |
||